000
00345nam a2200169Ia 4500
100
_a
shah/Deven
650
_a
Internet
942
_c
BK
366
_f
20
654
_a
advanced internet
245
_a
Advanced internet technology
260
_b
Dreamtech
_c
2015
082
_a
4.65
_b
SHA
300
_a
422
546
_a
ENGLISH
999
_c
26028
_d
26028